000 00569nai a2200169Ia 4500
003 IN-BaIIA
008 211028c9999 xx s 000 0 eng d
022 _a1359-0294 (Online)
040 _cIIA Library
245 0 _aCurrent Opinion in Colloid & Interface Science
_h[eJournal]
260 _aNew York
_bElsevier
310 _aBi-monthly
362 _a1(1); 1996 - Present
521 _bSubscribed through National Knowledge Resource Consortium (NKRC)
856 _uhttps://www.sciencedirect.com/science/journal/13590294
_yClick Here to Access eJournal
942 _cEJ
999 _c34265
_d34265